[Event "DEM U12 2016"]
[Site "Willingen GER"]
[Date "2016.05.17"]
[Round "5"]
[White "Kölle, Tobias"]
[Black "Nguyen, Alex Dac-Vuong"]
[Result "1-0"]
[Termination "normal"]
[Board "1"]
[WhiteElo "1714"]
[BlackElo "1899"]
[WhiteClock "00:27:31"]
[BlackClock "00:39:06"]
[PlyCount "61"]
[WhiteFideId "16207378"]
[BlackFideId "12984388"]
[EventCountry "GER"]
[EventRounds "11"]
[EventType "swiss"]
[EventDate "2016.05.14"]

1. e4 e6 2. d4 d5 3. exd5 exd5 4. Bd3 c5 5. dxc5 Bxc5 6. Nf3 Nc6 7. O-O Nge7 8.
h3 O-O 9. Bg5 f6 10. Bf4 Nb4 11. Nc3 Nxd3 12. Qxd3 Bf5 13. Qd1 Qd7 14. Ne2 Ng6
15. Bg3 Rad8 16. Ned4 Be4 17. c3 Rfe8 18. Re1 Ne5 19. Nd2 Nd3 20. Re3 f5 21. f3
f4 22. Bxf4 Nxf4 23. fxe4 dxe4 24. Nxe4 Bxd4 25. cxd4 Qd5 26. Qb3 Kf8 27. Rf1
g5 28. g3 Qxd4 29. gxf4 Rxe4 30. fxg5+ Kg7 31. Qxb7+ 1-0

[Event "DEM U12 2016"]
[Site "Willingen GER"]
[Date "2016.05.17"]
[Round "5"]
[White "Köllner, Ruben Gideon"]
[Black "Astner, Sebastian"]
[Result "1-0"]
[Termination "normal"]
[Board "2"]
[WhiteElo "2087"]
[BlackElo "1712"]
[WhiteClock "00:26:11"]
[BlackClock "00:22:07"]
[PlyCount "111"]
[WhiteFideId "12993093"]
[BlackFideId "12979422"]
[EventCountry "GER"]
[EventRounds "11"]
[EventType "swiss"]
[EventDate "2016.05.14"]

1. Nf3 d5 2. d4 c6 3. e3 Bf5 4. Bd3 e6 5. O-O Nd7 6. Bxf5 exf5 7. c4 Ngf6 8.
Qb3 Qb6 9. Nc3 Qxb3 10. axb3 Nb6 11. c5 Nbd7 12. b4 Ne4 13. Nd2 Ndf6 14. f3
Nxc3 15. bxc3 Be7 16. c4 Kd7 17. Kf2 Rhe8 18. Re1 Bd8 19. b5 Bc7 20. cxd5 Nxd5
21. bxc6+ bxc6 22. Nc4 h6 23. Bd2 g5 24. Reb1 Reb8 25. Rxb8 Bxb8 26. e4 fxe4
27. fxe4 Nc7 28. Ne5+ Ke6 29. Nxc6 a6 30. d5+ Nxd5 31. exd5+ Kxd5 32. Nxb8 Rxb8
33. Rxa6 Rh8 34. c6 Rc8 35. c7 Rxc7 36. Rxh6 Rc2 37. Ke2 Ke5 38. Rh5 Kf6 39. g4
Rc5 40. h4 Ke6 41. Rxg5 Rc8 42. Kf3 f6 43. Rf5 Rc2 44. Be3 Rh2 45. h5 Kf7 46.
Bd4 Kg7 47. Bxf6+ Kh7 48. Kf4 Ra2 49. Kg5 Ra8 50. Rd5 Ra7 51. Re5 Ra8 52. Re7+
Kg8 53. Kg6 Kf8 54. Rh7 Ke8 55. Rh8+ Kd7 56. Rxa8 1-0

[Event "DEM U12 2016"]
[Site "Willingen GER"]
[Date "2016.05.17"]
[Round "5"]
[White "Yi, Danny"]
[Black "Trifan, Andrei Ioan"]
[Result "1/2-1/2"]
[Termination "normal"]
[Board "3"]
[WhiteElo "1863"]
[BlackElo "2099"]
[WhiteClock "00:21:58"]
[BlackClock "00:15:45"]
[PlyCount "55"]
[WhiteFideId "12988588"]
[BlackFideId "12967068"]
[EventCountry "GER"]
[EventRounds "11"]
[EventType "swiss"]
[EventDate "2016.05.14"]

1. e4 e5 2. Nf3 Nc6 3. Bc4 Bc5 4. c3 Nf6 5. d4 exd4 6. e5 d5 7. Bb5 Ne4 8. cxd4
Bb6 9. h3 O-O 10. O-O Bf5 11. Nc3 Qd7 12. Be3 Rfe8 13. Nh4 Bxh3 14. Bxc6 bxc6
15. gxh3 Qxh3 16. Ng2 c5 17. Nxe4 dxe4 18. dxc5 Bxc5 19. Bxc5 Rxe5 20. Be3 Rh5
21. f3 Qh2+ 22. Kf2 Rh3 23. Bf4 e3+ 24. Bxe3 Qg3+ 25. Ke2 Qxg2+ 26. Rf2 Qg6 27.
Qd3 Qf6 28. Qd4 1/2-1/2

[Event "DEM U12 2016"]
[Site "Willingen GER"]
[Date "2016.05.17"]
[Round "5"]
[White "Dobrikov, Marco"]
[Black "Wu, Leon"]
[Result "0-1"]
[Termination "normal"]
[Board "4"]
[WhiteElo "1943"]
[BlackElo "1743"]
[WhiteClock "00:27:13"]
[BlackClock "00:32:20"]
[PlyCount "48"]
[WhiteFideId "12950378"]
[BlackFideId "12977438"]
[EventCountry "GER"]
[EventRounds "11"]
[EventType "swiss"]
[EventDate "2016.05.14"]

1. e4 e5 2. Nf3 Nc6 3. Bc4 Bc5 4. c3 Nf6 5. d3 d6 6. Bb3 Bg4 7. Nbd2 O-O 8. O-O
Ne7 9. Re1 Ng6 10. h3 Be6 11. Nf1 h6 12. Ng3 a6 13. Be3 Ba7 14. Qd2 Re8 15.
Bxh6 Bxb3 16. axb3 gxh6 17. Nf5 Nh7 18. Nxh6+ Kf8 19. Nf5 Nf4 20. g3 Ng5 21.
Nh2 Ngxh3+ 22. Kf1 Qg5 23. gxf4 Nxf4 24. Ng3 Qh4 0-1

[Event "DEM U12 2016"]
[Site "Willingen GER"]
[Date "2016.05.17"]
[Round "5"]
[White "Post, Hugo"]
[Black "Breitzmann, Sander"]
[Result "1-0"]
[Termination "normal"]
[Board "5"]
[WhiteElo "1869"]
[BlackElo "1582"]
[WhiteClock "00:05:39"]
[BlackClock "00:05:13"]
[PlyCount "63"]
[WhiteFideId "12962490"]
[BlackFideId "12987085"]
[EventCountry "GER"]
[EventRounds "11"]
[EventType "swiss"]
[EventDate "2016.05.14"]

1. e4 e5 2. Nf3 Nc6 3. Bc4 Bc5 4. c3 Nf6 5. d3 d6 6. O-O a6 7. a4 a5 8. Na3 Ne7
9. Bg5 Ng6 10. d4 Bxa3 11. Rxa3 Qe7 12. Re1 O-O 13. Ra1 h6 14. Bd2 Be6 15. Ba2
Bxa2 16. Rxa2 Rad8 17. Qc2 Nh5 18. Raa1 Nhf4 19. c4 exd4 20. Nxd4 Qe5 21. Nf5
Ne6 22. Qc1 Ngf4 23. Re3 Nd4 24. Nxd4 Qxd4 25. Kh1 Nd3 26. Bc3 Qxc4 27. Qd2 Ne5
28. Rg3 Qxe4 29. Qxh6 Qh7 30. Qg5 f5 31. Bxe5 f4 32. Rh3 1-0

[Event "DEM U12 2016"]
[Site "Willingen GER"]
[Date "2016.05.17"]
[Round "5"]
[White "Haufe, Laurin"]
[Black "Hetzner, Hannes"]
[Result "1-0"]
[Termination "normal"]
[Board "6"]
[WhiteElo "1575"]
[BlackElo "1319"]
[WhiteClock "00:26:15"]
[BlackClock "00:02:52"]
[PlyCount "69"]
[WhiteFideId "12976504"]
[BlackFideId "16211936"]
[EventCountry "GER"]
[EventRounds "11"]
[EventType "swiss"]
[EventDate "2016.05.14"]

1. e4 e6 2. d4 d5 3. exd5 exd5 4. Bd3 Bd6 5. Qf3 Ne7 6. Ne2 Ng6 7. O-O Nc6 8.
c3 Be6 9. Re1 Qd7 10. Nf4 Nxf4 11. Bxf4 O-O-O 12. b4 h6 13. a4 g5 14. Bxd6 Qxd6
15. a5 g4 16. Qf6 h5 17. Qh4 Nxb4 18. cxb4 Qxb4 19. Rd1 Qxd4 20. Na3 c6 21.
Rab1 Qc5 22. Nb5 a6 23. Rdc1 Qf8 24. Na7+ Kc7 25. Bxa6 bxa6 26. Rxc6+ Kd7 27.
Rb7+ Ke8 28. Rcc7 Qd6 29. Re7+ Kf8 30. Rxe6 Rc8 31. Rxf7+ Kxf7 32. Qf6+ Kg8 33.
Qg6+ Kf8 34. Rf6+ Ke7 35. Qf7+ 1-0

[Event "DEM U12 2016"]
[Site "Willingen GER"]
[Date "2016.05.17"]
[Round "5"]
[White "Colbow, Collin"]
[Black "Li, Simon"]
[Result "0-1"]
[Termination "normal"]
[Board "7"]
[WhiteElo "1632"]
[BlackElo "1960"]
[WhiteClock "00:15:20"]
[BlackClock "00:39:34"]
[PlyCount "90"]
[WhiteFideId "16201132"]
[BlackFideId "12972134"]
[EventCountry "GER"]
[EventRounds "11"]
[EventType "swiss"]
[EventDate "2016.05.14"]

1. e4 c5 2. Nf3 Nc6 3. d4 cxd4 4. Nxd4 g6 5. c4 Bg7 6. Be3 d6 7. Nc3 Nf6 8. f3
O-O 9. Qd2 Nxd4 10. Bxd4 Be6 11. Be2 Qa5 12. Rc1 Rfc8 13. b3 a6 14. O-O b5 15.
cxb5 axb5 16. Bxb5 Rxc3 17. Rxc3 Qxb5 18. Rfc1 Qa5 19. R1c2 h5 20. b4 Qb5 21.
e5 Nd5 22. Rb3 Nb6 23. Rbc3 Nc4 24. Qe2 d5 25. Bc5 Qd7 26. f4 Bh6 27. Qf2 Bf5
28. Rc1 e6 29. Rb3 Qa4 30. b5 Rb8 31. b6 Qa5 32. Bd6 Rb7 33. Bc7 Bf8 34. Qe1
Qxa2 35. Qc3 Be4 36. Qg3 h4 37. Qh3 Bc5+ 38. Kh1 Bxg2+ 39. Qxg2 Qxb3 40. f5 Qe3
41. Ra1 h3 42. Ra8+ Kg7 43. f6+ Kh7 44. Qg4 Qc1+ 45. Qd1 Qxd1# 0-1

[Event "DEM U12 2016"]
[Site "Willingen GER"]
[Date "2016.05.17"]
[Round "5"]
[White "Musiolik, David"]
[Black "Hoffmann, Simon"]
[Result "1/2-1/2"]
[Termination "normal"]
[Board "9"]
[WhiteElo "1643"]
[BlackElo "1710"]
[WhiteClock "00:07:29"]
[BlackClock "00:11:09"]
[PlyCount "88"]
[WhiteFideId "12972355"]
[BlackFideId "12979686"]
[EventCountry "GER"]
[EventRounds "11"]
[EventType "swiss"]
[EventDate "2016.05.14"]

1. e4 e5 2. Nf3 Nc6 3. Nc3 Nf6 4. d4 Bb4 5. Bg5 exd4 6. Nxd4 h6 7. Nxc6 bxc6 8.
Bxf6 Qxf6 9. Qf3 Qxf3 10. gxf3 d5 11. O-O-O Bxc3 12. bxc3 Be6 13. Bd3 Rb8 14.
Kd2 Ke7 15. a3 Rhd8 16. Ke3 Rb2 17. Rhg1 g6 18. Rb1 Rdb8 19. Ra1 Kd7 20. f4
dxe4 21. Kxe4 Bf5+ 22. Ke3 Re8+ 23. Kd2 Bxd3 24. Kxd3 Kc8 25. c4 c5 26. Rg3 Rb6
27. Re3 Rd6+ 28. Kc3 Ree6 29. Rae1 Kd7 30. Re4 Rd4 31. f3 Rdd6 32. R4e3 Rxe3+
33. Rxe3 f6 34. h3 Rd4 35. Rd3 Rd6 36. Re3 g5 37. f5 Rd4 38. Rd3 Rxd3+ 39. Kxd3
Kd6 40. Ke4 h5 41. a4 a5 42. c3 c6 43. f4 g4 44. hxg4 hxg4 1/2-1/2

[Event "DEM U12 2016"]
[Site "Willingen GER"]
[Date "2016.05.17"]
[Round "5"]
[White "Pauls, Fynn"]
[Black "Hinrichs, Paul"]
[Result "1/2-1/2"]
[Termination "normal"]
[Board "10"]
[WhiteElo "1726"]
[BlackElo "1795"]
[PlyCount "88"]
[WhiteFideId "16213149"]
[BlackFideId "12942545"]
[EventCountry "GER"]
[EventRounds "11"]
[EventType "swiss"]
[EventDate "2016.05.14"]

1. Nf3 d5 2. g3 Nf6 3. Bg2 c5 4. O-O Nc6 5. d4 e6 6. c4 dxc4 7. Qa4 Qb6 8. dxc5
Bxc5 9. Qxc4 O-O 10. Nc3 Na5 11. Qb5 Qxb5 12. Nxb5 Bd7 13. Nc3 Nc6 14. Rd1 Rfd8
15. Bg5 Be8 16. Bxf6 gxf6 17. Ne4 Be7 18. e3 f5 19. Nc3 Bf6 20. h4 h6 21. Rac1
Rac8 22. Rxd8 Rxd8 23. Rd1 Bxc3 24. Rxd8 Nxd8 25. bxc3 Bc6 26. Nd4 Bxg2 27.
Kxg2 Kf8 28. Kf3 Ke7 29. e4 fxe4+ 30. Kxe4 a6 31. g4 f6 32. f4 Nf7 33. Nf3 Nd6+
34. Kd3 b5 35. g5 hxg5 36. hxg5 Nc4 37. Nd2 Nb6 38. Ne4 Nd5 39. gxf6+ Nxf6 40.
Nxf6 Kxf6 41. Ke4 a5 42. Kd4 Kf5 43. Kc5 b4 44. cxb4 axb4 1/2-1/2

[Event "DEM U12 2016"]
[Site "Willingen GER"]
[Date "2016.05.17"]
[Round "5"]
[White "Wensing, Jonathan"]
[Black "Englert, Jon"]
[Result "0-1"]
[Termination "normal"]
[Board "11"]
[WhiteElo "1578"]
[BlackElo "1663"]
[PlyCount "60"]
[WhiteFideId "16222482"]
[BlackFideId "12992275"]
[EventCountry "GER"]
[EventRounds "11"]
[EventType "swiss"]
[EventDate "2016.05.14"]

1. e4 g6 2. d4 Bg7 3. Nc3 d6 4. f4 Nf6 5. e5 Nfd7 6. Bc4 Nb6 7. Bd3 dxe5 8.
dxe5 Nc6 9. Be3 Be6 10. Ne4 Nd5 11. Qe2 Bh6 12. Qf2 Nxe3 13. Qxe3 Nxe5 14.
O-O-O Qc8 15. Nc5 Ng4 16. Qd4 Rg8 17. h3 Nf6 18. g4 Nd5 19. g5 Bg7 20. Qa4+ c6
21. Be4 Nb6 22. Qb4 Bd5 23. Nf3 Qc7 24. Rhe1 Qxf4+ 25. Kb1 Qc7 26. c4 a5 27.
Qa3 Nxc4 28. Qd3 Nxb2 29. Qe2 Nxd1 30. Bxd5 Nc3+ 0-1

[Event "DEM U12 2016"]
[Site "Willingen GER"]
[Date "2016.05.17"]
[Round "5"]
[White "Hassemeier, Mika"]
[Black "Grund, Sebastian"]
[Result "1-0"]
[Termination "normal"]
[Board "12"]
[WhiteElo "1769"]
[BlackElo "1773"]
[PlyCount "117"]
[WhiteFideId "12994880"]
[BlackFideId "12988626"]
[EventCountry "GER"]
[EventRounds "11"]
[EventType "swiss"]
[EventDate "2016.05.14"]

1. e4 c5 2. Nc3 Nc6 3. f4 g6 4. Nf3 Bg7 5. Bb5 Nd4 6. O-O a6 7. Bd3 d6 8. a4 e6
9. Nxd4 Bxd4+ 10. Kh1 Ne7 11. Ne2 Bg7 12. c3 d5 13. e5 d4 14. cxd4 cxd4 15. b3
Nc6 16. Ba3 Bf8 17. Bxf8 Kxf8 18. Rf3 Kg7 19. Be4 Nb4 20. Nc1 Qb6 21. Nd3 Nxd3
22. Rxd3 Bd7 23. Qg1 Bc6 24. Bxc6 bxc6 25. Qxd4 Qxd4 26. Rxd4 Rhd8 27. Rxd8
Rxd8 28. Ra2 Rd3 29. Rb2 f6 30. exf6+ Kxf6 31. Kg1 Kf5 32. g3 h5 33. Kf2 h4 34.
Rc2 hxg3+ 35. hxg3 Rxb3 36. Rxc6 Rd3 37. Rxa6 Rxd2+ 38. Ke3 Rg2 39. Kf3 Ra2 40.
g4+ Kf6 41. g5+ Ke7 42. Ra7+ Kd6 43. Rg7 Rxa4 44. Rxg6 Kd5 45. Rg8 Ra3+ 46. Kg4
Ra1 47. g6 Ke4 48. Rf8 Rg1+ 49. Kh5 Rh1+ 50. Kg5 e5 51. f5 Rg1+ 52. Kf6 Rf1 53.
Ke6 Rg1 54. Rg8 Kf4 55. f6 Ra1 56. f7 Ra6+ 57. Ke7 Ra7+ 58. Kf6 Ra6+ 59. Kg7
1-0

[Event "DEM U12 2016"]
[Site "Willingen GER"]
[Date "2016.05.17"]
[Round "5"]
[White "Kotyk, Michael"]
[Black "Lutz, Ruben"]
[Result "1-0"]
[Termination "normal"]
[Board "13"]
[WhiteElo "1818"]
[BlackElo "1693"]
[PlyCount "111"]
[WhiteFideId "16214501"]
[BlackFideId "12975974"]
[EventCountry "GER"]
[EventRounds "11"]
[EventType "swiss"]
[EventDate "2016.05.14"]

1. d4 d5 2. c4 dxc4 3. e3 e5 4. Bxc4 exd4 5. exd4 Nf6 6. Nf3 Be7 7. O-O O-O 8.
Qb3 c6 9. Nc3 b5 10. Bd3 Be6 11. Qc2 h6 12. Re1 Nbd7 13. Ne2 Bd5 14. Nh4 Re8
15. Nf4 Qb6 16. Nf5 Bf8 17. Be3 Rac8 18. Qe2 a6 19. Nxd5 cxd5 20. Qf3 Kh8 21.
g4 Re6 22. Qh3 Nxg4 23. Nxh6 Nxh6 24. Bf5 Rd6 25. Bxd7 Rd8 26. Bf5 Kg8 27. Bd3
Qb7 28. Bf4 Rc6 29. Rac1 Rdc8 30. Bxh6 gxh6 31. Rxc6 Qxc6 32. Kh1 Bg7 33. Qf5
Re8 34. Rg1 Kf8 35. Qg4 Qf6 36. Qg3 Qxd4 37. Qd6+ Kg8 38. Qxh6 Kf8 39. Qd6+ Kg8
40. Qg3 Qf6 41. Qh3 Kf8 42. Rg3 Qxf2 43. Rf3 Re1+ 44. Bf1 Qe2 45. Qc8+ Qe8 46.
Qc5+ Kg8 47. Qxd5 Re6 48. Bd3 Rh6 49. Rg3 Qe1+ 50. Rg1 Qe8 51. Qg5 Rg6 52. Bxg6
Qc6+ 53. Qg2 Qxg6 54. Qxg6 fxg6 55. Rxg6 Kf7 56. Rxg7+ 1-0

[Event "DEM U12 2016"]
[Site "Willingen GER"]
[Date "2016.05.17"]
[Round "5"]
[White "Krastev, Alexander"]
[Black "Wu, Luka"]
[Result "0-1"]
[Termination "normal"]
[Board "14"]
[WhiteElo "1931"]
[BlackElo "1777"]
[PlyCount "78"]
[WhiteFideId "12989983"]
[BlackFideId "12977420"]
[EventCountry "GER"]
[EventRounds "11"]
[EventType "swiss"]
[EventDate "2016.05.14"]

1. e4 e5 2. Nf3 Nc6 3. Bc4 Bc5 4. c3 Nf6 5. d3 d6 6. Bb3 a6 7. Nbd2 Ba7 8. Nf1
h6 9. Ng3 O-O 10. O-O Nh7 11. Be3 Kh8 12. d4 Bg4 13. Qd3 Bxf3 14. gxf3 Ng5 15.
Kg2 Qf6 16. Bxg5 Qxg5 17. Bd5 Nd8 18. Kh1 c6 19. Bb3 Ne6 20. Rg1 Nf4 21. Qf1 g6
22. Ne2 Qf6 23. Nxf4 Qxf4 24. Qh3 Kg7 25. Rg4 Qf6 26. f4 exd4 27. f5 dxc3 28.
bxc3 d5 29. Bc2 dxe4 30. Bxe4 Qe5 31. Qg2 Rh8 32. Rg1 g5 33. f4 Qc5 34. f6+ Kf8
35. Rd1 Qxc3 36. fxg5 hxg5 37. Rxg5 Qxf6 38. Rf1 Qe7 39. Bg6 f6 0-1

[Event "DEM U12 2016"]
[Site "Willingen GER"]
[Date "2016.05.17"]
[Round "5"]
[White "Breß, Aaron"]
[Black "Bethke, Richard"]
[Result "0-1"]
[Termination "normal"]
[Board "15"]
[WhiteElo "1650"]
[BlackElo "1844"]
[PlyCount "136"]
[WhiteFideId "12996432"]
[BlackFideId "12959243"]
[EventCountry "GER"]
[EventRounds "11"]
[EventType "swiss"]
[EventDate "2016.05.14"]

1. e4 c5 2. Nf3 d6 3. d4 cxd4 4. Nxd4 Nf6 5. Nc3 a6 6. Be2 e5 7. Nf3 Be7 8. O-O
O-O 9. Bg5 Nbd7 10. Qd2 h6 11. Be3 b6 12. h3 Bb7 13. Bd3 b5 14. a3 Qc7 15. Rfe1
Rfd8 16. Rac1 Rac8 17. Rcd1 Nb6 18. Bxb6 Qxb6 19. Qe3 Qc7 20. Nd2 Nh5 21. Nf1
Nf4 22. Ng3 Ne6 23. Nf5 Bg5 24. Qf3 g6 25. Ne3 Bxe3 26. Qxe3 Kg7 27. Rc1 Qe7
28. Ne2 Nc5 29. Nc3 f6 30. Kh1 Ne6 31. Qg3 Qf7 32. Ne2 d5 33. exd5 Bxd5 34. Nc3
Nf4 35. Nxd5 Rxd5 36. Qf3 Qd7 37. Rcd1 Nxd3 38. cxd3 Rd8 39. Re3 f5 40. Qe2 e4
41. Qe1 Kf7 42. Qc3 Qc8 43. Qb3 Kf6 44. f3 exf3 45. Rxf3 Qe6 46. Qc3+ Qe5 47.
Qd2 g5 48. Qa5 R8d6 49. Qd2 Kg6 50. Qf2 h5 51. Re3 Qd4 52. Qe2 Qf6 53. Re8 g4
54. Qe3 f4 55. Qe4+ Rf5 56. Rf1 Rd4 57. Qe2 f3 58. gxf3 gxf3 59. Rg1+ Kf7 60.
Qe3 f2 61. Re7+ Qxe7 62. Rg7+ Kxg7 63. Qxe7+ Kg6 64. Qe6+ Kg5 65. Qe3+ Rdf4 66.
Qe7+ Rf6 67. Qe5+ Kh4 68. Kh2 f1=Q 0-1

[Event "DEM U12 2016"]
[Site "Willingen GER"]
[Date "2016.05.17"]
[Round "5"]
[White "Sulayev, Daniel"]
[Black "Lommel, Hagen"]
[Result "1-0"]
[Termination "normal"]
[Board "16"]
[WhiteElo "1791"]
[BlackElo "1619"]
[PlyCount "79"]
[WhiteFideId "12977675"]
[BlackFideId "12972380"]
[EventCountry "GER"]
[EventRounds "11"]
[EventType "swiss"]
[EventDate "2016.05.14"]

1. Nf3 Nf6 2. g3 g6 3. Bg2 Bg7 4. d3 d6 5. O-O c5 6. e4 Nc6 7. Nc3 O-O 8. Ne1
e6 9. f4 a6 10. g4 h6 11. h4 Nh7 12. g5 hxg5 13. fxg5 f6 14. h5 fxg5 15. hxg6
Rxf1+ 16. Bxf1 Nf8 17. Qh5 Bd4+ 18. Kh1 Qf6 19. Nf3 Ne5 20. Bg2 Nxf3 21. Bxf3
Qxg6 22. Bxg5 Qxh5+ 23. Bxh5 Nh7 24. Be7 Nf6 25. Be2 d5 26. Rf1 Bxc3 27. bxc3
Nd7 28. exd5 exd5 29. Rf5 Nb6 30. Rg5+ Kf7 31. Bxc5 Nd7 32. Rxd5 b6 33. Bh5+
Ke6 34. Rd6+ Kf5 35. Bg6+ Kg4 36. Be4 Rb8 37. Rg6+ Kh5 38. Bd6 Nc5 39. Bxb8
Nxe4 40. Rxb6 1-0

[Event "DEM U12 2016"]
[Site "Willingen GER"]
[Date "2016.05.17"]
[Round "5"]
[White "Evering, Sören"]
[Black "Pahl, Erik"]
[Result "1-0"]
[Termination "normal"]
[Board "17"]
[WhiteElo "1844"]
[BlackElo "1631"]
[PlyCount "61"]
[WhiteFideId "12974650"]
[BlackFideId "16201272"]
[EventCountry "GER"]
[EventRounds "11"]
[EventType "swiss"]
[EventDate "2016.05.14"]

1. e4 e5 2. Nf3 Nc6 3. Bb5 a6 4. Ba4 Nf6 5. Qe2 d6 6. c3 Be7 7. O-O O-O 8. d3
b5 9. Bb3 Na5 10. Bc2 c5 11. Rd1 Qc7 12. Nbd2 Bb7 13. Nf1 Rfe8 14. Ng3 Bf8 15.
Bg5 Nd7 16. h3 g6 17. Nh2 h5 18. Qe3 Bg7 19. Bh6 d5 20. Bxg7 Kxg7 21. Qg5 Kh7
22. Nf3 d4 23. Nh4 Qb6 24. cxd4 exd4 25. Qd2 Nc6 26. Nf3 Rad8 27. Rac1 Nf8 28.
Bb3 Kg7 29. Qg5 Nh7 30. Nxh5+ Kh8 31. Qh6 1-0

[Event "DEM U12 2016"]
[Site "Willingen GER"]
[Date "2016.05.17"]
[Round "5"]
[White "Kirchner, Markus"]
[Black "Hundrieser, Malte"]
[Result "1/2-1/2"]
[Termination "normal"]
[Board "18"]
[WhiteElo "1642"]
[BlackElo "1845"]
[PlyCount "108"]
[WhiteFideId "12979163"]
[BlackFideId "12997153"]
[EventCountry "GER"]
[EventRounds "11"]
[EventType "swiss"]
[EventDate "2016.05.14"]

1. e4 c5 2. Nf3 d6 3. d4 cxd4 4. Nxd4 Nf6 5. f3 Nc6 6. c4 g6 7. Be3 Bg7 8. Qd2
O-O 9. Nc3 a6 10. Be2 Bd7 11. O-O Rc8 12. Rab1 Ne5 13. b3 Re8 14. Rfc1 Qa5 15.
Bf1 Rb8 16. Rc2 Rec8 17. Nd5 Qxd2 18. Rxd2 Nxd5 19. cxd5 Rc3 20. Bf2 Rbc8 21.
h3 Bh6 22. Rdd1 f5 23. exf5 Bxf5 24. Nxf5 gxf5 25. Bd4 Be3+ 26. Bxe3 Rxe3 27.
Kf2 f4 28. Rb2 Rcc3 29. Rbd2 Kg7 30. Rd4 Ng6 31. R1d2 Kf6 32. Bd3 Ke5 33. Be4
Nf8 34. g3 fxg3+ 35. Kxg3 Nd7 36. R4d3 Rexd3 37. Rxd3 Rxd3 38. Bxd3 h6 39. Bf1
Kxd5 40. Bc4+ Ke5 41. f4+ Ke4 42. Be2 b5 43. Bf3+ Ke3 44. b4 Nf6 45. Bb7 Kd4
46. Bxa6 Kc4 47. a4 Kxb4 48. Bxb5 d5 49. Kf3 e6 50. Ke3 Kc5 51. Bd3 d4+ 52. Kf3
Kb4 53. Bb5 Kc5 54. Bd3 Kb4 1/2-1/2

[Event "DEM U12 2016"]
[Site "Willingen GER"]
[Date "2016.05.17"]
[Round "5"]
[White "Do, Nam"]
[Black "Gallasch, Jonas"]
[Result "1/2-1/2"]
[Termination "normal"]
[Board "19"]
[WhiteElo "1890"]
[BlackElo "1564"]
[PlyCount "42"]
[WhiteFideId "12998885"]
[BlackFideId "16222474"]
[EventCountry "GER"]
[EventRounds "11"]
[EventType "swiss"]
[EventDate "2016.05.14"]

1. e4 c6 2. d4 d5 3. e5 c5 4. c3 Nc6 5. Nf3 Bg4 6. Be2 e6 7. O-O Qb6 8. dxc5
Bxc5 9. b4 Bxf3 10. Bxf3 Nxb4 11. cxb4 Bd4 12. Qa4+ Kf8 13. Nd2 Bxa1 14. Nb3
Bxe5 15. Nc5 Nf6 16. Be3 Qc6 17. b5 Qc8 18. Rc1 Kg8 19. Nd3 Qb8 20. Nxe5 Qxe5
21. Bf4 Qf5 1/2-1/2

[Event "DEM U12 2016"]
[Site "Willingen GER"]
[Date "2016.05.17"]
[Round "5"]
[White "Popist, Florian"]
[Black "Riemann, Jonas"]
[Result "1-0"]
[Termination "normal"]
[Board "22"]
[WhiteElo "1689"]
[BlackElo "1408"]
[PlyCount "145"]
[WhiteFideId "16203518"]
[BlackFideId "12977462"]
[EventCountry "GER"]
[EventRounds "11"]
[EventType "swiss"]
[EventDate "2016.05.14"]

1. e4 e6 2. d4 d5 3. Nd2 Nf6 4. e5 Nfd7 5. Bd3 c5 6. c3 Nc6 7. Ne2 Be7 8. Nf3
O-O 9. O-O f6 10. exf6 Bxf6 11. Bb1 b6 12. Qd3 g6 13. Nf4 Qe8 14. Re1 Qf7 15.
Nxe6 Re8 16. Neg5 Rxe1+ 17. Nxe1 Qe7 18. Nef3 Nf8 19. dxc5 Qxc5 20. Be3 Qd6 21.
Ne4 Qd8 22. Nxf6+ Qxf6 23. Qxd5+ Qe6 24. Qxe6+ Bxe6 25. Be4 Rc8 26. Bxc6 Rxc6
27. Nd4 Rd6 28. Nxe6 Nxe6 29. Kf1 Kf7 30. Ke2 Kf6 31. Rd1 Rxd1 32. Kxd1 Ke5 33.
Kd2 g5 34. Kd3 h6 35. a4 Nc7 36. b4 Nd5 37. h3 Ne7 38. c4 Nc6 39. Kc3 Ke4 40.
c5 bxc5 41. Bxc5 Kd5 42. b5 Kxc5 43. bxc6 Kxc6 44. Kb4 Kb6 45. g3 a5+ 46. Kc4
Kc6 47. f4 gxf4 48. gxf4 h5 49. Kd4 Kd6 50. h4 Ke6 51. Ke4 Kf6 52. f5 Kf7 53.
Ke5 Ke7 54. f6+ Kf7 55. Kf5 Kf8 56. Kg6 Kg8 57. Kxh5 Kf7 58. Kg5 Kf8 59. Kg6
Kg8 60. f7+ Kf8 61. h5 Ke7 62. Kg7 Ke6 63. f8=Q Ke5 64. h6 Ke4 65. h7 Kd4 66.
h8=R Ke5 67. Rh5+ Ke4 68. Qf5+ Kd4 69. Rh4+ Ke3 70. Qe4+ Kf2 71. Rh3 Kg1 72.
Qc2 Kf1 73. Rh1# 1-0

[Event "DEM U12 2016"]
[Site "Willingen GER"]
[Date "2016.05.17"]
[Round "5"]
[White "Tham, Minh"]
[Black "Karl, Simon"]
[Result "1-0"]
[Termination "normal"]
[Board "23"]
[WhiteElo "1737"]
[BlackElo "1451"]
[PlyCount "77"]
[WhiteFideId "12997323"]
[BlackFideId "16217985"]
[EventCountry "GER"]
[EventRounds "11"]
[EventType "swiss"]
[EventDate "2016.05.14"]

1. e4 e6 2. d4 d5 3. Nc3 Nf6 4. e5 Nfd7 5. f4 c5 6. Nf3 Nc6 7. Be3 Qb6 8. Rb1
cxd4 9. Nxd4 Bc5 10. Nce2 Qa5+ 11. Nc3 Bxd4 12. Bxd4 Nxd4 13. Qxd4 O-O 14. Bd3
Qb6 15. Qxb6 Nxb6 16. O-O Bd7 17. Rbd1 Na4 18. Nxa4 Bxa4 19. b3 Bc6 20. Rf2 h6
21. Rfd2 Rfd8 22. c4 Rd7 23. cxd5 Bxd5 24. Be4 Rad8 25. f5 Kf8 26. Bxd5 Rxd5
27. Rxd5 Rxd5 28. Rxd5 exd5 29. Kf2 Ke7 30. Ke3 Kd7 31. Kd4 Kc6 32. g4 f6 33.
e6 Kd6 34. b4 g6 35. fxg6 Kxe6 36. a4 b6 37. h4 Ke7 38. Kxd5 Kf8 39. h5 1-0

[Event "DEM U12 2016"]
[Site "Willingen GER"]
[Date "2016.05.17"]
[Round "5"]
[White "Schille, Hannes"]
[Black "Kolb, Tobias"]
[Result "0-1"]
[Termination "normal"]
[Board "24"]
[WhiteElo "1629"]
[BlackElo "1535"]
[PlyCount "78"]
[WhiteFideId "16206053"]
[BlackFideId "12992321"]
[EventCountry "GER"]
[EventRounds "11"]
[EventType "swiss"]
[EventDate "2016.05.14"]

1. d4 d5 2. c4 c6 3. Nf3 e6 4. Nc3 dxc4 5. e4 b5 6. a3 Nf6 7. Bg5 Be7 8. Be2
Bb7 9. b3 cxb3 10. Qxb3 O-O 11. O-O Nbd7 12. Rfd1 a6 13. Ne5 Nxe5 14. dxe5 Nd7
15. Bxe7 Qxe7 16. f4 Rad8 17. Kh1 Nb6 18. Qb2 Rxd1+ 19. Rxd1 Rd8 20. Qc2 Rxd1+
21. Qxd1 Qd7 22. Qd6 Qxd6 23. exd6 f6 24. e5 fxe5 25. fxe5 Nd7 26. Bg4 Kf7 27.
Ne4 h6 28. Kg1 Nxe5 29. Bxe6+ Kxe6 30. Nc5+ Kxd6 31. Nxb7+ Kc7 32. Nc5 Kb6 33.
Nb3 Nc4 34. a4 bxa4 35. Na1 Kb5 36. Kf1 Kb4 37. Ke1 Kc3 38. Kd1 Kb2 39. Nc2 a3
0-1

[Event "DEM U12 2016"]
[Site "Willingen GER"]
[Date "2016.05.17"]
[Round "5"]
[White "Kostanyan, Hakob"]
[Black "Yüksel, Baran"]
[Result "1-0"]
[Termination "normal"]
[Board "25"]
[WhiteElo "1604"]
[BlackElo "1351"]
[PlyCount "69"]
[WhiteFideId "12977683"]
[BlackFideId "12998710"]
[EventCountry "GER"]
[EventRounds "11"]
[EventType "swiss"]
[EventDate "2016.05.14"]

1. e4 d6 2. d4 Nf6 3. Nc3 g6 4. f4 Bg7 5. Nf3 O-O 6. Bd3 Nc6 7. Be3 Re8 8. e5
dxe5 9. fxe5 Nd5 10. Qd2 Nxe3 11. Qxe3 Bg4 12. Ne2 Kh8 13. Ng5 Kg8 14. c3 a6
15. Qf4 Be6 16. Qh4 h6 17. Nxe6 fxe6 18. Bxg6 Rf8 19. Bc2 Qe8 20. Qe4 Rf5 21.
Ng3 Nxe5 22. Nxf5 exf5 23. Qxf5 Nd7 24. Qh7+ Kf8 25. O-O+ Nf6 26. Bb3 e6 27.
Rae1 Qf7 28. Bxe6 Nxh7 29. Rxf7+ Kg8 30. Ref1 Kh8 31. Rxc7 Nf6 32. Rxb7 a5 33.
d5 Ra6 34. Rb8+ Kh7 35. Bf5# 1-0